000
00322nam a22001337a 4500
020
_a
978-1-4072-3902-6
082
_a
823
_b
SIM/H
100
_a
FRANCESCA SIMON
245
_a
HORRID HENRY'S CAR JOURNEY
260
_a
GREAT BRITAIN
_b
ORION
_c
2011
300
_a
78
650
_a
CHILDREN'S STORY BOOK
_z
UNITED KINGDOM
942
_c
BK
999
_c
121
_d
121